| 000 | 00708nam a22002057a 4500 | ||
|---|---|---|---|
| 003 | OSt | ||
| 005 | 20260313060624.0 | ||
| 008 | 260313b |||||||| |||| 00| 0 eng d | ||
| 020 | _a0399531645 | ||
| 040 |
_aDWCL-Main Lib _cOC |
||
| 082 | _aProf. 371.192 C455 2005 | ||
| 100 | _aChandler, Sharon / Crane, Elizabeth | ||
| 245 | _aSay yes to college : a practical and inspirational guide to rising college - bound kids | ||
| 260 |
_aNew York : _bBerkley Pub. Group, _c2005. |
||
| 300 |
_aviii, 212 pages ; _c21 cm. |
||
| 650 | _aAcademic achievement - United States. | ||
| 650 | _aEducation - Parent participation - United States. | ||
| 650 | _aParenting - United States, | ||
| 942 |
_2ddc _cPROF. _mProf. _n0 |
||
| 999 |
_c9113 _d9113 |
||